000 00556nam a2200169 4500
001 122602
003 ES-MaACL
005 20230906192016.0
007 t|
008 070214s1981 sp r ||||1| spa d
245 0 0 _aProblemas actuales de la Seguridad Social en España /
_cJavier de Istúriz... [et al.].
260 _aMadrid :
_bInstituto de Estudios Económicos,
_c1981.
300 _a429 p. ;
_c24 cm.
700 1 _aIstúriz, Javier de.
_965606
710 2 _aInstituto de Estudios Económicos (Madrid)
_94899
852 _aES-MaACL
_jL-1191
_bR.101987
999 _c122602
_d122602